000 00231nam a22000857a 4500
008 160823b xxu||||| |||| 00| 0 eng d
100 _9210
_aTanwar V
245 _aJesi Karni Vaisi bharni (Hindi)
260 _aNew Delhi
_bChildren Book Trust
999 _c2868
_d2868